La equidad en el derecho privado Derecho y justicia /

Detalles Bibliográficos
Autor principal: Cano Martn̕ez de Velasco, Jos ̌Ignacio
Formato: Desconocido
Lenguaje:español
Publicado: Barcelona : Bosch, 2009
Materias:
Acceso en línea:Acceso restringido

MARC

LEADER 00000ny a22000003n 4500
005 20110616103636.0
008 100113s2010 sp 00 0 spa d
020 |a 9788476988879 
035 |a 4941 
040 |a Mpons  |d vLex 
041 0 |a spa 
043 |a esp 
080 |a 340.13 
090 |c 747  |d 747 
100 1 |a Cano Martn̕ez de Velasco, Jos ̌Ignacio 
245 1 3 |a La equidad en el derecho privado  |h [Recurso electrn̤ico]  |b Derecho y justicia /  |c Jos ̌Ignacio Cano Martn̕ez de Velasco 
256 |a Servicio en ln̕ea 
260 |a Barcelona :  |b Bosch,  |c 2009 
300 |a p. ;  |c cm 
504 |a Bibliogr.  
506 1 |a Contenido solo disponible en los productos indicados  |d vLex Global  |d vLex Global (Academic Edition, excluding Law Schools)  |d vLex Global (U.S. Academic Edition, Law Schools)  |d vLex Global (U.S. Academic Edition, excluding Law Schools)  |d vLex Global (Academic Edition, Law Schools) 
650 0 4 |a Equidad  
650 0 4 |a Equity, Procedimiento en  
650 0 4 |a Norma jurd̕ica  
740 0 |a vLex Libros (Servicios en ln̕ea) 
856 4 0 |u http://vlex.com/source/4941  |z Acceso restringido 
942 |c BOOK 
999 0 |a Equity  |b Barcelona